| 000 | 02670nam a2200277 i 4500 | ||
|---|---|---|---|
| 003 | DO-SdBNP | ||
| 005 | 20260202091016.0 | ||
| 007 | ta | ||
| 008 | 230717b1997 dr ||||| |||| 00| 0 spa d | ||
| 040 |
_aDO-SdBNP _bspa _cBNPHU _erda |
||
| 082 | 4 |
_a155.2 _bS583l _222 |
|
| 100 | 1 |
_a Silié Gatón, José A., _d1920-2014 _eautor _9747 |
|
| 245 | 1 | 0 |
_aLuz celeste : _btemas morales / _cJosé A. Silié Gatón ; prólogo, Sérvulo Natera Candelario |
| 264 | 1 |
_aSanto Domingo : _bBanco Central de la República Dominicana, _c1997. |
|
| 300 |
_axi, 320 páginas ; _c23 cm. |
||
| 336 |
_2rdacontent _atexto _btxt |
||
| 337 |
_2rdamedia _asin mediación _bn |
||
| 338 |
_2rdacarrier _avolumen _bnc |
||
| 505 | 0 |
_aPrólogo -- _tIntroducción -- _rPrimera parte. _tProgreso personal -- _tDesarrollo personal -- _tEl desafío de hoy -- _tConceptos básicos -- _tConstruya su destino -- _tModos de ser -- _tLas propias iniciativas -- _tMirada al porvenir -- _tPodemos triunfar -- _tModo de avanzar -- _tModos del pensamiento -- _tProbarse a sí mismo -- _tIdealidad -- _tEl hombre actual -- _tEstímulo de la cultura -- _tFormalidad -- _tDecisión -- _tEl poder de la persuasión -- _tEl placer de la compañía -- _tSensaciones humanas -- _tValor de la contemplación -- _tAlgo sobre la risa -- _tEl destino común -- _tSolidaridad -- _gSegunda parte. _tLa familia -- _tRelación familiar y sociedad -- _tPreservación de la salud -- _tLa libertad -- _tLibertad y personalidad -- _tDerecho y libertad de médicos y pacientes -- _tPersonalidad adolescente -- _tCómo la gente se quiere más -- _tTratamiento social -- _tRasgos diferentes de la juventud -- _tEl arte de la amistad -- _gTercera parte. _tMoral social -- _tNormas de urbanidad -- _tDecencia personal -- _tEl mérito de la disciplina -- _tEl liderazgo -- _tLa virtud del trabajo -- _tSignos de paz -- _tElogio de la juventud -- _gCuarta parte. _tRelaciones sociales -- _tUna sociedad mejor -- _tLa cuestión electoral -- _tEl aprendizaje -- _tJuventud y política -- _tLa juventud y medio ambiente -- _tEl joven maestro -- _tJusticia -- _tLos derechos humanos -- _tEducación institucional -- _gQuinta parte. _tAspectos conductuales -- _tAliciente de la vida -- _tLa timidez dominada -- _tRectificación del comportamiento -- _tNo al vicio degradante -- _tLa no resignación -- _tPasión por la intriga -- _tNo al delito -- _tCuidado del lenguaje -- _tNo a la apatía -- _tNo a la agresividad -- _tEspíritu de servicio -- _tExpresiones humanas negativas. |
|
| 590 | _aInventariado, 2023/BT | ||
| 650 | 0 |
_aDesarrollo de la personalidad _91190 |
|
| 650 | 0 |
_aRelaciones humanas _9606 |
|
| 700 | 1 |
_4Natera Candelario, Sérvulo, _aprologuista _epr. _983782 |
|
| 910 | _aBtavárez | ||
| 942 |
_2ddc _cLBS1 |
||
| 999 |
_c54184 _d54184 |
||